000 02561nam a22003974i 4500
001 991061305699406706
003 ES-BaIT
005 20260311123853.0
008 250328s2024 sp ||||r|||||0|| d spa|c
017 _aM 23337-2024
_bOficina DL Madrid
020 _a9788410210004
040 _aES-BaIT
_bcat
_erda
_cES-BaIT
041 1 _aspa
_hfre
080 _a840-2"20"
100 1 _aLebeau, Suzanne
_eautor
_928797
245 1 0 _aAntígona bajo el sol de mediodia /
_cSuzanne Lebeau ; traducción de Coto Adánez
264 1 _aMadrid :
_bASSITEJ España,
_c2024
300 _a84 pàgines;
_c19 cm
336 _atext
_btxt
_2rdacontent
337 _asense mediació
_bn
_2rdamedia
338 _avolum
_bnc
_2rdacarrier
490 1 _aColección Internacional de Teatro;
_v12
500 _aTítol original: Antigone sous le soleil de midi
500 _aP3: D1, H2
520 _a"Antígona bajo el sol de mediodía es una relectura contemporánea y profunda del clásico mito griego. Suzanne Lebeau nos invita a acompañar a Antígona en su lucha, una joven que se enfrenta a la autoridad, no solo por el peso del destino, sino por el imperativo moral que la impulsa a seguir su conciencia. Entre el rigor de las leyes de su tío Creonte y el derecho a honrar a los suyos, se despliega una batalla de convicciones que sigue resonando con fuerza en el presente.En esta versión, escrita con un estilo poético y accesible, Lebeau explora la fragilidad de los personajes, revelando sus dudas y temores en un mundo que castiga tanto la obediencia como la rebeldía. A plena luz del mediodía, cuando las sombras no existen, las preguntas más incómodas sobre la justicia, la familia y la responsabilidad personal emergen sin escapatoria.En este texto, Suzanne Lebeau, nos recuerda que los dilemas éticos no tienen edad y que la valentía de escuchar la propia voz interior es una lección tan antigua como imprescindible." -- Contracoberta
600 0 4 _aAntígona (Personatge mitològic)
_xTextos dramàtics
_9166904
650 0 _aMitologia grega
_vTextos dramàtics
_968164
650 4 _aLiteratura dramàtica infantil francesa
_yS. XX
_xTextos dramàtics
_9142566
650 0 _aLiteratura dramàtica juvenil francesa
_yS. XX
_xTextos dramàtics
_9155969
700 1 _aAdánez del Hoyo, Coto
_etraductor
_9141811
700 1 _iContenidor de (expressió):
_aLebeau, Suzanne.
_tAntigone sous le soleil de midi.
_lCastellà
830 0 _aColección internacional de teatro ASSITEJ España
_v12
_9124476
908 _aCDMAE
940 _aCDMAE
942 _2udc
_c1
999 _c136467
_d136467